K možnostem rozvoje vnitrozemské vodní dopravy v rozšířené Europské unii

Akčný program na podporu vnútrozemskej vodnej dopravy "NAIADES". Programový rámec od roku 2006 až do roku 2013, sa zameriava na päť strategických oblastí, ktoré sú základom pre rozvoj vnútrozemskej vodnej dopravy v Európskej únii.

Salvato in:
Dettagli Bibliografici
Autore principale: Jurkovič, Martin
Altri autori: Sosedová, Jarmila, Šlesinger, Ján
Natura: Capitolo di libro
Lingua:slovacco
Soggetti:
Tags: Aggiungi Tag
Nessun Tag, puoi essere il primo ad aggiungerne!!

MARC

LEADER 00000nla$a2200000$$$4500
001 0148514
005 20220718135625.0
041 0 |a slo 
044 |a CZ 
245 1 0 |a K možnostem rozvoje vnitrozemské vodní dopravy v rozšířené Europské unii  |c Martin Jurkovič, Jarmila Sosedová, Ján Šlesinger 
520 |a Akčný program na podporu vnútrozemskej vodnej dopravy "NAIADES". Programový rámec od roku 2006 až do roku 2013, sa zameriava na päť strategických oblastí, ktoré sú základom pre rozvoj vnútrozemskej vodnej dopravy v Európskej únii. 
610 2 0 |a Európska únia 
610 2 0 |a politika dopravná 
610 2 0 |a doprava vodná 
610 2 0 |a doprava vodná vnútroštátna 
610 2 0 |a bezpečnosť environmentálna 
610 2 0 |a rozvoj trvalo udržateľný 
610 2 0 |a spolupráca medzinárodná 
100 1 |a Jurkovič, Martin 
700 1 |a Sosedová, Jarmila 
700 1 |a Šlesinger, Ján